书目信息 |
| 题名: |
趣闻广东
|
|
| 作者: | 胡幸福 主编 | |
| 分册: | ||
| 出版信息: | 北京 旅游教育出版社 2009.01 |
|
| 页数: | 281页 | |
| 开本: | 21cm | |
| 丛书名: | 中国旅游文化趣闻宝典 | |
| 单 册: | ||
| 中图分类: | F592.765 | |
| 科图分类: | ||
| 主题词: | 旅游--lu you--文化--广东省 | |
| 电子资源: | ||
| ISBN: | 978-7-5637-1633-3 | |
| 000 | 00932nam 2200277 450 | |
| 001 | 012009876109 | |
| 005 | 20090916162200.64 | |
| 010 | @a978-7-5637-1633-3@dCNY20.00 | |
| 100 | @a20090916d2009 em y0chiy0120 ea | |
| 101 | 0 | @achi |
| 102 | @aCN@b110000 | |
| 105 | @aa z 000yy | |
| 106 | @ar | |
| 200 | 1 | @a趣闻广东@Aqu wen guang dong@d= Guangdong anecdotes@f胡幸福主编@Fhu xing fu zhu bian@zeng |
| 210 | @a北京@c旅游教育出版社@d2009.01 | |
| 215 | @a281页@c图@d21cm | |
| 225 | 2 | @a中国旅游文化趣闻宝典@Azhong guo lu you wen hua qu wen bao dian |
| 320 | @a有书目 (第279-280页) | |
| 330 | @a本书内容包括:历史广东、文物广东、乡俗广东、风情广东、娱乐广东等。 | |
| 410 | 0 | @12001 @a中国旅游文化趣闻宝典 |
| 510 | 1 | @aGuangdong anecdotes@zeng |
| 606 | 0 | @a旅游@Alu you@x文化@y广东省 |
| 690 | @aF592.765@v4 | |
| 701 | 0 | @a胡幸福@Ahu xing fu@4主编 |
| 801 | 0 | @aCN@bQSSK@c20090916 |
| 905 | @b751924-26@dF592.765@eH511@f3 | |
| 趣闻广东= Guangdong anecdotes/胡幸福主编.-北京:旅游教育出版社,2009.01 |
| 281页:图;21cm.-(中国旅游文化趣闻宝典) |
| ISBN 978-7-5637-1633-3:CNY20.00 |
| 本书内容包括:历史广东、文物广东、乡俗广东、风情广东、娱乐广东等。 |
| ● |
| 相关链接 |
|
|
|
正题名:趣闻广东
索取号:F592.765/H511
 
预约/预借
| 序号 | 登录号 | 条形码 | 馆藏地/架位号 | 状态 | 备注 |
| 1 | 751924 | 207519247 | 社科二线422/409社科库 40排1列1层/ [索取号:F592.765/H511] | 在馆 | |
| 2 | 751925 | 207519256 | 社科库409/409社科库 40排1列5层/ [索取号:F592.765/H511] | 在馆 | |
| 3 | 751926 | 207519265 | 管理学院资料室/ [索取号:F592.765/H511] | 在馆 |